| 000 | 00875nam a22002417a 4500 | ||
|---|---|---|---|
| 005 | 20100803170027.0 | ||
| 010 | _aENG-97958 | ||
| 020 |
_a8188965588 _c300.00 |
||
| 020 |
_a9788188965588 _c300.00 |
||
| 035 | _aEN-81491 | ||
| 037 | _bDBAD/PUB | ||
| 082 | _a307.14088042 | ||
| 100 |
_aShiva, Vandana _91433 |
||
| 245 |
_aStaying alive : _bwomen, ecology and survival in India / _cby Vandana Shiva |
||
| 260 |
_aNew Delhi _bWomen Unlimited _c2010 |
||
| 270 |
_aK-36, Hauz Khas Enclave _bNew Delhi _e110016 |
||
| 300 |
_axxix, 224p. _c22cm (pbk) |
||
| 650 |
_aEnvironmental policy _96804 |
||
| 650 |
_aHuman ecology _96805 |
||
| 650 |
_aWomen in development _96806 |
||
| 942 |
_2ddc _cEN _h307.14088042 _mSHI |
||
| 999 |
_c39082 _d39082 |
||